000 00457nam a2200181Ia 4500
001 10998
005 20260306161913.0
008 260306t2011||||xx |||||||||||||| ||spa||
041 _aESP
082 _a985
_bP78
100 _aPorras Barrenechea, Raúl
_eAUT
245 0 _aHistoria de los límites del Perú:
_bel nombre del Perú
260 _c2011
300 _a196 páginas :
_c24 cm.
650 _aGEN
654 _aCHU
942 _cLIB
_dJUS
_fJUS
_2ddc
_n
999 _c10998
_d10998